MotoGP Records - Statistics

General Stats
  • This quiz has been taken 123 times
  • The average score is 23 of 39
Answer Stats
Hint Answer % Correct
Most Podium Finishes Valentino Rossi (199)
100%
Most Seasons with a Podium Finish Valentino Rossi (21)
100%
Most Races with a single Manufacturer Valentino Rossi (275) Yamaha
100%
Most Races Started Valentino Rossi (372)
100%
Longest time between first and last wins Valentino Rossi (6,195 days)
100%
Most Wins at same Circuit (Modern Generation) Valentino Rossi, Marc Marquez (8)
100%
Most Grand Prix Wins in a season Marc Marquez (13)
98%
Most Pole Positions in a Season Marc Marquez (13)
98%
Most Podium Finishes in a Season Marc Marquez (18)
98%
Youngest World Champion Marc Marquez (20 years, 266 days)
98%
Youngest Winner Marc Marquez (20 years, 63 days)
98%
Most Points in a Season Marc Marquez (420)
98%
Most Wins in First Season Marc Marquez (6)
98%
Most Consecutive Pole Positions at the same Grand Prix Marc Marquez (7)
98%
Most Consecutive Wins Giacomo Agostini (20)
81%
Highest Percentage of wins in a season John Surtees, Giacomo Agostini (100%)
81%
Most Podium Finishes without a World Championship Dani Pedrosa (112)
74%
Most Grand Prix Wins without a World Championship Dani Pedrosa (31)
74%
World Champion with fewest career wins Joan Mir (1)
72%
Longest time betweensuccessive World Championship titles Casey Stoner (1,483 days)
71%
Most consecutive Pole Positions Mick Doohan (12)
67%
Most Consecutive Points Finishes Mick Doohan (37)
67%
Most Sprint Race Wins Jorge Martin (16)
61%
Youngest Pole Sitter Fabio Quartararo (20 years, 14 days)
57%
Most Consecutive Race Starts Andrea Dovizioso (229)
48%
Most Seasons before first title Kevin Schwantz, Alex Criville (8)
38%
Highest Win Percentage (Full Time Rider) John Surtees (64.71%)
33%
Highest Pole Position Percentage (Full Time Rider) Freddie Spencer (43.55%)
26%
Most Races Before first Win Aleix Espargaro (200)
17%
Most Races without a Win Colin Edwards (196)
17%
Oldest World Champion Leslie Graham (37 Years, 340 Days)
17%
Youngest Rider to score a Podium Finish Randy Mamola (19 years, 261 days)
12%
Longest time between successive wins Phil Read (3,200 days)
11%
Highest Percentage of Podium Finishes Phil Read (89.47%)
11%
World Champion with the fewest points Libero Liberati (1957)
10%
Most Races Before scoring a Podium Finish Pol Espargaro (86)
10%
Most Races without a Win (No podiums) Hector Barbera (139)
9%
Oldest Winner Fergus Anderson (44 years, 237 days)
0%
Oldest Pole Sitter Jack Findlay (39 Years,121 Days)
0%
No matching quizzes found
Score Distribution
Percent of People with Each Score
Percentile by Number Answered
Your Score History
You have not taken this quiz